000 00984nam a2200229 a 4500
001 52999
003 BD-RjUL
005 20211209075907.0
008 161002s1974 bg ||||| |||| 00| 0 ben d
035 _a(BD-RjUL)53119
040 _aBD-RjUL
_bben
_cBD-RjUL
041 _aben
082 _223
_a891.4409
_bOMI 1974
100 _aউমর, বদরুদ্দীন
_9116667
245 1 0 _aঈশ্বচন্দ্র বিদ্যাসাগর ও ঊনিশ শতকের বাঙালী সমাজ /
_cবদরুদ্দীন উমর
260 _aঢাকা :
_bমওলা ব্রাদার্স,
_c১৯৭২
300 _a[৮], ১২৮ পৃ.;
_c২১ সেমি.
500 _aতথ্যনির্দেশিকা সংযুক্ত
650 _aবাংলা সাহিত্য
_vইতিহাস ও সমালোচনা
_9117445
650 _aBengali literature
_vHistory and criticism
_9158420
942 _2ddc
_cBK
999 _c52999
_d52999